[Event "2.BLS 1617 SC Untergrombach - SC Heusen"]
[Site "?"]
[Date "2017.03.19"]
[Round "7.1"]
[White "Sadzikowski, Daniel"]
[Black "Rogic, Davor"]
[Result "1-0"]
[WhiteElo "2538"]
[BlackElo "2516"]
[PlyCount "113"]
[EventDate "2017.??.??"]

1. e4 e5 2. Nf3 Nc6 3. Bc4 Bc5 4. c3 Nf6 5. d3 d6 6. O-O Bb6 7. Na3 Ne7 8. Bg5
Ng6 9. Nh4 Nxh4 10. Bxh4 h6 11. d4 Qe7 12. Bd3 g5 13. Bg3 c6 14. Nc4 Bc7 15. a4
h5 16. f3 h4 17. Bf2 Nh5 18. a5 Nf4 19. dxe5 dxe5 20. Ne3 Be6 21. Bc4 Rd8 22.
Qc2 O-O 23. Bxe6 Qxe6 24. Nf5 a6 25. g3 hxg3 26. hxg3 Nh3+ 27. Kg2 Nxf2 28.
Rxf2 Rd7 29. Kh3 f6 30. Kg4 Rff7 31. Rh2 Rh7 32. Rah1 Bxa5 33. Rxh7 Rxh7 34.
Rxh7 Kxh7 35. Qh2+ Kg8 36. Qh5 b5 37. Qg6+ Kf8 38. Qg7+ Ke8 39. Qb7 Bd8 40.
Qxa6 Kd7 41. Qa7+ Bc7 42. Qc5 Qf7 43. Qa3 Bb8 44. b3 Bc7 45. Qb4 Qe6 46. c4
bxc4 47. bxc4 Bd8 48. Qf8 Bc7 49. c5 Bd8 50. Qg7+ Kc8 51. Kh5 Bc7 52. Kg6 Qb3
53. Qxf6 Kb7 54. Nd6+ Ka6 55. Qxe5 Qxf3 56. Qa1+ Ba5 57. Qa4 1-0

[Event "2.BLS 1617 SC Untergrombach - SC Heusen"]
[Site "?"]
[Date "2017.03.19"]
[Round "7.2"]
[White "Brunner, Nicolas"]
[Black "Wieczorek, Oskar"]
[Result "1-0"]
[WhiteElo "2474"]
[BlackElo "2468"]
[PlyCount "69"]
[EventDate "2017.??.??"]

1. d4 g6 2. c4 Bg7 3. e4 d6 4. Nc3 e5 5. Nf3 Nc6 6. Bg5 f6 7. Be3 Nh6 8. dxe5
dxe5 9. Qxd8+ Kxd8 10. O-O-O+ Bd7 11. h3 Kc8 12. g4 Nf7 13. c5 Be6 14. Nd5 Re8
15. Bb5 Rf8 16. Rd2 Ncd8 17. Be2 c6 18. Nc3 Bh6 19. b4 Bf4 20. Ne1 Bd7 21. Nc2
Be6 22. Kb2 Nh6 23. a4 Ng8 24. b5 Ne7 25. Nb4 Nf7 26. Rhd1 Bxe3 27. fxe3 Rd8
28. Rxd8+ Nxd8 29. Rd6 Kc7 30. a5 b6 31. bxc6 bxc5 32. Nb5+ Kc8 33. c7 Nb7 34.
Rxe6 Kd7 35. a6 1-0

[Event "2.BLS 1617 SC Untergrombach - SC Heusen"]
[Site "?"]
[Date "2017.03.19"]
[Round "7.4"]
[White "Spirin, Oleg"]
[Black "Weichhold, Pawel"]
[Result "0-1"]
[WhiteElo "2436"]
[BlackElo "2423"]
[PlyCount "116"]
[EventDate "2017.??.??"]

1. Nf3 Nf6 2. c4 g6 3. g3 Bg7 4. Bg2 O-O 5. O-O d6 6. d4 Nc6 7. Nc3 Bg4 8. Be3
Qd7 9. d5 Na5 10. b3 Bh3 11. Qd2 Bxg2 12. Kxg2 Ng4 13. Bd4 Bh6 14. Qd3 c5 15.
dxc6 Nxc6 16. h3 Nxd4 17. hxg4 Ne6 18. Rh1 Bg7 19. g5 Nc5 20. Qc2 b5 21. cxb5
Rac8 22. Rac1 Ne6 23. Qd2 Rxc3 24. Rxc3 Bxc3 25. Qxc3 Qxb5 26. Qe3 a5 27. Qe4
Rc8 28. Qh4 Nf8 29. Qe4 Ne6 30. Qh4 Nf8 31. Qe4 Rc7 32. Rd1 Ne6 33. Rd5 Qb7 34.
Qd3 Nc5 35. Qd1 Rc6 36. Rd4 Ne6 37. Rd5 Nc5 38. Rd4 Rb6 39. Qd2 Rb5 40. Kg1 a4
41. b4 Ne4 42. Qb2 e5 43. Rc4 d5 44. Rc2 d4 45. a3 Nc3 46. Rxc3 dxc3 47. Qxc3
Rd5 48. Nd2 Rd8 49. Qe3 Rd4 50. Nf3 Rd1+ 51. Kh2 Qd5 52. Qxe5 Qxe5 53. Nxe5 Rc1
54. Nd3 Rc3 55. Nc5 Rxa3 56. b5 Ra1 57. b6 a3 58. b7 Rb1 0-1

[Event "2.BLS 1617 SC Untergrombach - SC Heusen"]
[Site "?"]
[Date "2017.03.19"]
[Round "7.5"]
[White "Barski, Radoslaw"]
[Black "Maier, Christian"]
[Result "1-0"]
[WhiteElo "2404"]
[BlackElo "2395"]
[PlyCount "101"]
[EventDate "2017.??.??"]

1. e4 e6 2. d4 d5 3. Nd2 Nf6 4. e5 Nfd7 5. f4 c5 6. c3 Nc6 7. Ndf3 cxd4 8. cxd4
f6 9. Bd3 Bb4+ 10. Bd2 O-O 11. Ne2 fxe5 12. Bxb4 Nxb4 13. fxe5 Nxd3+ 14. Qxd3
Rf7 15. O-O Nf8 16. h4 h6 17. Rf2 Bd7 18. g4 Qb6 19. Qd2 Bb5 20. Nf4 Rc8 21.
Kh2 Rfc7 22. Rg1 Be8 23. g5 Rc2 24. Qxc2 Rxc2 25. Rxc2 Ng6 26. Nh5 Nxh4 27.
Nxh4 Qxd4 28. Nf3 Qe4 29. Rc8 Qxf3 30. Ng3 Qf7 31. gxh6 g6 32. Rgc1 Kh7 33.
R1c7 Bd7 34. Rd8 Kxh6 35. Rdxd7 Qf2+ 36. Kh3 Qxb2 37. Rh7+ Kg5 38. Rcg7 Kf4 39.
Rxg6 Kxe5 40. Rh5+ Kd6 41. Nf5+ Kc5 42. Rxe6 Qxa2 43. Ne3 a5 44. Ree5 Kd4 45.
Kg3 a4 46. Rxd5+ Kc3 47. Kf3 b6 48. Rh6 Qb3 49. Rc6+ Kb2 50. Rxb6 Qxb6 51. Nc4+
1-0

[Event "2.BLS 1617 SC Untergrombach - SC Heusen"]
[Site "?"]
[Date "2017.03.19"]
[Round "7.6"]
[White "Schneider, Bernd"]
[Black "Solonar, Stefan"]
[Result "1/2-1/2"]
[WhiteElo "2302"]
[BlackElo "2325"]
[PlyCount "130"]
[EventDate "2017.??.??"]

1. e4 d5 2. exd5 Qxd5 3. Nc3 Qd6 4. Bc4 Nf6 5. Nge2 Bf5 6. d4 c6 7. Bf4 Qb4 8.
Bb3 e6 9. O-O Nbd7 10. Re1 Be7 11. Bc7 Nb6 12. Ng3 Bg6 13. a3 Qa5 14. Re5 Nfd5
15. Qe1 Kd7 16. Bc4 Kxc7 17. Rxd5 cxd5 18. Nb5+ Qxb5 19. Bxb5 Bd6 20. Nf1 Rac8
21. Ne3 Kb8 22. Qe2 Rc7 23. h4 Rhc8 24. c3 h5 25. Re1 a6 26. Bd3 Bxd3 27. Qxd3
Bf4 28. Nd1 g6 29. g3 Bh6 30. Re2 Nc4 31. f3 Rc6 32. g4 Rh8 33. a4 Bf4 34. Rg2
hxg4 35. Rxg4 Bc7 36. Qe2 Ka7 37. Nf2 Bd8 38. Nd3 Nd6 39. Qe5 Rh5 40. Qg7 Rc7
41. Nf4 Rf5 42. Kf2 Bf6 43. Qf8 Be7 44. Qh6 Rc8 45. Ng2 Rh5 46. Qd2 Rch8 47.
Qe2 Bf6 48. Qd1 Nf5 49. Ke2 Bxh4 50. Nxh4 Nxh4 51. Qb3 Nf5 52. Rg2 Rc8 53. Qd1
Rh4 54. Kf2 Rch8 55. a5 Rh1 56. Qb3 Rc8 57. Qb6+ Ka8 58. Ke2 Rc1 59. Kd2 Rf1
60. Ke2 Rc1 61. Rf2 Rh8 62. Kd2 Rhh1 63. Qd8+ Ka7 64. Kd3 Rhd1+ 65. Rd2 Re1
1/2-1/2

[Event "2.BLS 1617 SC Untergrombach - SC Heusen"]
[Site "?"]
[Date "2017.03.19"]
[Round "7.7"]
[White "Klundt, Klaus"]
[Black "Cofman, Veaceslav"]
[Result "1/2-1/2"]
[WhiteElo "2304"]
[BlackElo "2159"]
[PlyCount "73"]
[EventDate "2017.??.??"]

1. e4 e6 2. d3 d5 3. Nd2 Nf6 4. Ngf3 b6 5. c3 Be7 6. Be2 O-O 7. O-O c5 8. Re1
Nc6 9. a3 a5 10. b3 Qc7 11. Bb2 Rd8 12. Qc2 Bb7 13. Nf1 dxe4 14. dxe4 Ne5 15.
Nxe5 Qxe5 16. f3 Qc7 17. Bb5 Bc6 18. Qe2 Bxb5 19. Qxb5 Qd7 20. a4 Qxb5 21. axb5
c4 22. bxc4 Rac8 23. Kf2 Rxc4 24. Ke2 Kf8 25. Ne3 Rcc8 26. Red1 Rxd1 27. Rxd1
Ke8 28. c4 g6 29. Bd4 Nd7 30. f4 Bc5 31. Bxc5 Nxc5 32. Rd6 Rb8 33. e5 h5 34.
Nc2 Ne4 35. Rd4 Nc5 36. Rd6 Ne4 37. Rd4 1/2-1/2

[Event "2.BLS 1617 SC Untergrombach - SC Heusen"]
[Site "?"]
[Date "2017.03.19"]
[Round "7.8"]
[White "Fuchs, Heinz"]
[Black "Benninger, Rudolf"]
[Result "1-0"]
[WhiteElo "2252"]
[BlackElo "2047"]
[PlyCount "91"]
[EventDate "2017.??.??"]

1. c4 g6 2. d4 Bg7 3. Nc3 c5 4. Nf3 cxd4 5. Nxd4 Nc6 6. Nc2 Nf6 7. e4 O-O 8.
Be2 d6 9. O-O Be6 10. Bd2 Qd7 11. f3 Rac8 12. Rc1 h5 13. Qe1 Nh7 14. Be3 b6 15.
b3 f5 16. exf5 Bxf5 17. Qd2 Nf6 18. Nd5 Bxc2 19. Rxc2 Ne5 20. Rcc1 Kh7 21. Nc3
Rcd8 22. Rcd1 Nf7 23. Bd3 Bh6 24. Rfe1 Rde8 25. Bxh6 Nxh6 26. Qg5 Rg8 27. Nd5
Nxd5 28. cxd5 Nf5 29. Re6 Ref8 30. Rde1 Rf6 31. Bxf5 Rxf5 32. Rxe7+ Rg7 33.
Rxd7 Rxg5 34. Rxd6 Rf5 35. Kf2 g5 36. Ree6 Kg8 37. Rd8+ Rf8 38. Rxf8+ Kxf8 39.
Ke3 g4 40. fxg4 Rxg4 41. g3 Kf7 42. Rh6 Rg5 43. Ke4 Ke7 44. Re6+ Kd7 45. Re5
Rg4+ 46. Kf3 1-0

[Event "2.BLS 1617 Caissa Schwarzb. - SF Schöne"]
[Site "?"]
[Date "2017.03.19"]
[Round "7.1"]
[White "Polak, Tomas"]
[Black "Frischmann, Rick"]
[Result "1/2-1/2"]
[WhiteElo "2508"]
[BlackElo "2319"]
[PlyCount "136"]
[EventDate "2017.??.??"]

1. d4 Nf6 2. c4 g6 3. Nc3 d5 4. cxd5 Nxd5 5. e4 Nxc3 6. bxc3 Bg7 7. Bg5 c5 8.
Rc1 O-O 9. Nf3 Bg4 10. d5 Qd6 11. Be2 Nd7 12. Qd2 Bxf3 13. Bxf3 f5 14. exf5
Rxf5 15. O-O Rxf3 16. gxf3 Rf8 17. Kg2 Rf5 18. c4 Bf6 19. Be3 Be5 20. Rce1 Qf6
21. f4 Qh4 22. f3 Rxf4 23. Kh1 Rxc4 24. f4 Bd6 25. Qd3 Ra4 26. Bf2 Qh5 27. Bg3
Rd4 28. Qf3 Qxf3+ 29. Rxf3 Rxd5 30. f5 Ne5 31. Bxe5 Bxe5 32. fxg6 hxg6 33. Rb3
b6 34. Ra3 a5 35. Rb3 Bd6 36. Re2 c4 37. Rxb6 Rc5 38. Rbb2 Be5 39. Rbc2 Kf7 40.
Kg2 Ke6 41. Kf3 Kf5 42. Ke3 Bf6 43. Rf2+ Ke5 44. Rg2 g5 45. Rg4 Kd5 46. Rc1 Rc8
47. Rc2 a4 48. Rf2 Rh8 49. Rf5+ Ke6 50. Rf2 Rh3+ 51. Kd2 Kd5 52. Rf5+ Kd6 53.
Rf2 Kc5 54. Rg3 Rh4 55. Kc2 Re4 56. h3 Re1 57. Rf5+ Kd6 58. Ra3 Re2+ 59. Kd1
Rh2 60. Rxa4 c3 61. Rf3 Bg7 62. Rg4 Rxa2 63. Rxg5 c2+ 64. Kc1 Bh6 65. h4 Ra5
66. Rd3+ Kc6 67. Rc3+ Kd6 68. Rd3+ Kc6 1/2-1/2

[Event "2.BLS 1617 Caissa Schwarzb. - SF Schöne"]
[Site "?"]
[Date "2017.03.19"]
[Round "7.2"]
[White "Mueller, Reinhold"]
[Black "Krejci, Jan"]
[Result "0-1"]
[WhiteElo "2274"]
[BlackElo "2509"]
[PlyCount "82"]
[EventDate "2017.??.??"]

1. d4 Nf6 2. c4 e6 3. g3 Bb4+ 4. Bd2 Qe7 5. Bg2 Nc6 6. Nf3 Bxd2+ 7. Nbxd2 d6 8.
O-O O-O 9. e4 e5 10. d5 Nb8 11. Ne1 a5 12. Nd3 Nbd7 13. f4 b6 14. f5 Nc5 15.
Nf2 Bd7 16. g4 h6 17. h4 Nh7 18. Nf3 b5 19. Kh2 bxc4 20. Rg1 g5 21. hxg5 Nxg5
22. Nxg5 hxg5 23. Bf1 Rfb8 24. Qc2 Ba4 25. Qc1 Bb5 26. Rb1 c6 27. dxc6 Bxc6 28.
Bg2 Kg7 29. Qxc4 Rb4 30. Qc2 Qb7 31. Qd2 Qe7 32. Rge1 Rh8+ 33. Kg3 Rd4 34. Qxa5
Qb7 35. Rbd1 Bxe4 36. Nxe4 Nxe4+ 37. Bxe4 Rxe4 38. Qd2 Rf4 39. f6+ Kg8 40. Qe2
Rh4 41. Rf1 Qb4 0-1

[Event "2.BLS 1617 Caissa Schwarzb. - SF Schöne"]
[Site "?"]
[Date "2017.03.19"]
[Round "7.3"]
[White "Poetsch, Hagen"]
[Black "Oberhofer, Andre"]
[Result "1-0"]
[WhiteElo "2501"]
[BlackElo "2302"]
[PlyCount "77"]
[EventDate "2017.??.??"]

1. e4 e5 2. Nf3 Nc6 3. Bc4 Nf6 4. Ng5 d5 5. exd5 Na5 6. Bb5+ c6 7. dxc6 bxc6 8.
Bd3 Nd5 9. h4 g6 10. Nc3 Bg7 11. Nxd5 cxd5 12. Bb5+ Kf8 13. d4 h6 14. Nf3 Rb8
15. Be2 e4 16. Ne5 Be6 17. b4 Bxe5 18. dxe5 Nc6 19. b5 Na5 20. h5 g5 21. Qd4
Rc8 22. Bd2 Nc4 23. Bb4+ Kg7 24. Qxa7 Nxe5 25. Qd4 f6 26. c3 Qd7 27. O-O g4 28.
c4 Nxc4 29. a4 Ne5 30. Rfc1 Kh7 31. Bd2 Qf7 32. b6 Rhg8 33. Bf4 Qxh5 34. Bg3
Qg5 35. Rxc8 Bxc8 36. a5 Nc6 37. Qc5 Bb7 38. a6 Ra8 39. Rb1 1-0

[Event "2.BLS 1617 Caissa Schwarzb. - SF Schöne"]
[Site "?"]
[Date "2017.03.19"]
[Round "7.4"]
[White "Wild, Achim"]
[Black "Konopka, Michal"]
[Result "1/2-1/2"]
[WhiteElo "2269"]
[BlackElo "2397"]
[PlyCount "56"]
[EventDate "2017.??.??"]

1. Nf3 Nf6 2. c4 c6 3. Nc3 d5 4. e3 g6 5. d4 Bg7 6. Be2 O-O 7. O-O b6 8. b4 Bb7
9. Rb1 Nbd7 10. Qb3 e6 11. Rd1 Qc7 12. cxd5 exd5 13. Bd2 Rfe8 14. Rbc1 Qd6 15.
Be1 Qe7 16. Bf1 Bf8 17. Ne2 b5 18. Nf4 Nb6 19. Nd3 Nc4 20. a4 a6 21. Ra1 Ne4
22. Nc5 Bg7 23. Qc2 Nb6 24. Bd3 Nxc5 25. bxc5 Nc4 26. Qa2 Bc8 27. h3 Qf6 28.
Be2 Bf5 1/2-1/2

[Event "2.BLS 1617 Caissa Schwarzb. - SF Schöne"]
[Site "?"]
[Date "2017.03.19"]
[Round "7.5"]
[White "Meyer, Kai-Christian"]
[Black "Weller, Manuel"]
[Result "1/2-1/2"]
[WhiteElo "2172"]
[BlackElo "2221"]
[PlyCount "92"]
[EventDate "2017.??.??"]

1. c4 Nf6 2. Nc3 e5 3. g3 d5 4. cxd5 Nxd5 5. Bg2 Nb6 6. Nf3 Nc6 7. O-O Be7 8.
d3 O-O 9. Be3 Be6 10. Na4 e4 11. Ne1 exd3 12. Nxd3 Bd5 13. Ndc5 Bxg2 14. Kxg2
Qc8 15. Qb3 Re8 16. Rac1 Nxa4 17. Qxa4 Bxc5 18. Rxc5 Qe6 19. Qb5 Rab8 20. Rd1
Qxa2 21. Rd7 a6 22. Qd3 Ne5 23. Qd5 Qxd5+ 24. Rdxd5 Nc6 25. Rd7 Rbc8 26. Kf1
Red8 27. Rcd5 Kf8 28. g4 Ke8 29. Rxd8+ Rxd8 30. Rh5 Rd1+ 31. Kg2 h6 32. g5 Rd5
33. f4 Ne7 34. Kf3 hxg5 35. fxg5 Nf5 36. Rh8+ Ke7 37. Bf4 Nd6 38. h4 g6 39. h5
gxh5 40. Rxh5 Rb5 41. Rh7 Rb3+ 42. e3 Ke6 43. Rh6+ Ke7 44. Rh7 Ke6 45. Rh6+ Kd7
46. Rh7 Ke6 1/2-1/2

[Event "2.BLS 1617 Caissa Schwarzb. - SF Schöne"]
[Site "?"]
[Date "2017.03.19"]
[Round "7.6"]
[White "Tabatt, Hendrik"]
[Black "Timpel, Klaus"]
[Result "1-0"]
[WhiteElo "2332"]
[BlackElo "2181"]
[PlyCount "35"]
[EventDate "2017.??.??"]

1. d4 g6 2. e4 Bg7 3. Nc3 d6 4. Be3 a6 5. a4 Nd7 6. Qd2 b6 7. h4 Bb7 8. h5 Ngf6
9. hxg6 hxg6 10. Rxh8+ Bxh8 11. f3 e5 12. d5 Nh5 13. O-O-O Qh4 14. Nge2 Bf6 15.
a5 b5 16. Na2 O-O-O 17. Nb4 Nc5 18. Kb1 1-0

[Event "2.BLS 1617 Caissa Schwarzb. - SF Schöne"]
[Site "?"]
[Date "2017.03.19"]
[Round "7.7"]
[White "Mueller, Achim"]
[Black "Grewenig, Jan"]
[Result "0-1"]
[WhiteElo "2148"]
[BlackElo "2115"]
[PlyCount "64"]
[EventDate "2017.??.??"]

1. Nf3 c5 2. e4 d6 3. d3 Nc6 4. g3 g6 5. Bg2 Bg7 6. O-O e5 7. c3 Nge7 8. a4 O-O
9. Na3 h6 10. Re1 Be6 11. Rb1 a5 12. b3 f5 13. exf5 gxf5 14. Nh4 Qd7 15. Nc4
Rab8 16. f4 b5 17. axb5 Rxb5 18. Qc2 Rfb8 19. Bd2 Kh8 20. Kh1 Bg8 21. Kg1 e4
22. Bh3 d5 23. Ne3 Be6 24. dxe4 dxe4 25. Nc4 Bxc4 26. bxc4 Rxb1 27. Rxb1 Rxb1+
28. Qxb1 Qxd2 29. Nxf5 Nxf5 30. Bxf5 Qe3+ 31. Kg2 Qf3+ 32. Kg1 Bxc3 0-1

[Event "2.BLS 1617 Caissa Schwarzb. - SF Schöne"]
[Site "?"]
[Date "2017.03.19"]
[Round "7.8"]
[White "Gress, Alexander"]
[Black "Everett, Elijah"]
[Result "0-1"]
[WhiteElo "2147"]
[BlackElo "2116"]
[PlyCount "106"]
[EventDate "2017.??.??"]

1. e4 c5 2. Nf3 d6 3. d4 cxd4 4. Nxd4 Nf6 5. Nc3 a6 6. Bg5 e6 7. f4 Qb6 8. Qd2
Qxb2 9. Rb1 Qa3 10. f5 Nc6 11. fxe6 fxe6 12. Nxc6 bxc6 13. Bd3 Be7 14. e5 dxe5
15. O-O O-O 16. Kh1 Bd7 17. Qe3 Nd5 18. Qh3 g6 19. Ne4 Bxg5 20. Nxg5 Qe7 21.
Qg3 Rf4 22. Rfe1 Raf8 23. Rb7 Nb4 24. Nh3 R4f7 25. a3 Nxd3 26. Qxd3 Qh4 27. Rd1
Be8 28. Rb4 Qe7 29. Ng1 a5 30. Rg4 Qc5 31. Rc4 Qf2 32. Nf3 Rd7 33. Qf1 Qxf1+
34. Rxf1 Rf4 35. Rxf4 exf4 36. h4 Rd5 37. Ng5 e5 38. Rb1 h6 39. Ne4 Kf7 40.
Rb7+ Ke6 41. Rb8 Bd7 42. Rf8 Ke7 43. Ra8 Bf5 44. Nc3 Rc5 45. Na4 Rxc2 46. Rxa5
Kd6 47. Nb6 Be4 48. Kg1 Rxg2+ 49. Kf1 Rc2 50. Nc8+ Kd7 51. Nb6+ Kc7 52. Na4 f3
53. Nc5 Bf5 0-1

[Event "2.BLS 1617 Schott Mainz - SC Viernheim"]
[Site "?"]
[Date "2017.03.19"]
[Round "7.1"]
[White "Kryvoruchko, Yuriy"]
[Black "Lobron, Eric"]
[Result "1/2-1/2"]
[WhiteElo "2705"]
[BlackElo "2528"]
[PlyCount "78"]
[EventDate "2017.??.??"]

1. e4 c6 2. d4 d5 3. e5 Bf5 4. Nf3 e6 5. Be2 c5 6. Be3 cxd4 7. Nxd4 Ne7 8. O-O
Nbc6 9. Bb5 a6 10. Bxc6+ Nxc6 11. Nxf5 exf5 12. f4 d4 13. Bf2 Bc5 14. Qd3 Qd7
15. a3 O-O 16. Nd2 Rfd8 17. Rad1 Qe6 18. Nf3 h6 19. Rd2 Rd5 20. Rfd1 Rad8 21.
Qf1 R5d7 22. Rd3 Qa2 23. Rb3 d3 24. Rbxd3 Bxf2+ 25. Qxf2 Rxd3 26. cxd3 Qb3 27.
Qe2 Nd4 28. Nxd4 Rxd4 29. g3 b5 30. Rd2 a5 31. Kf2 Kh7 32. Qe3 Qd5 33. Qf3 Qd7
34. Ke2 b4 35. axb4 Rxb4 36. Kf1 a4 37. Kg2 Qb5 38. Qe2 Qd5+ 39. Qf3 Qb5
1/2-1/2

[Event "2.BLS 1617 Schott Mainz - SC Viernheim"]
[Site "?"]
[Date "2017.03.19"]
[Round "7.2"]
[White "Dann, Matthias"]
[Black "Fedorchuk, Sergey"]
[Result "0-1"]
[WhiteElo "2488"]
[BlackElo "2623"]
[PlyCount "82"]
[EventDate "2017.??.??"]

1. e4 c5 2. Nf3 e6 3. d4 cxd4 4. Nxd4 a6 5. Nc3 Qc7 6. Bd3 Nf6 7. f4 d6 8. Qf3
b5 9. Be3 h5 10. a3 Bb7 11. O-O-O Nbd7 12. Rhe1 Be7 13. Kb1 Nc5 14. Bc1 Rb8 15.
Qg3 h4 16. Qh3 Qb6 17. b4 Nxd3 18. Rxd3 Rc8 19. Bb2 Rc4 20. Red1 Nxe4 21. Nxe6
fxe6 22. Qxe6 Qc7 23. Nxe4 Rxe4 24. Qg6+ Kd8 25. Qxg7 Re8 26. Qg6 Re2 27. Rc3
Qd7 28. g4 hxg3 29. hxg3 Qe6 30. Qh5 Re1 31. Rcd3 Qe2 32. Qxe2 Rxe2 33. Bf6
Bxf6 34. Rxd6+ Ke7 35. Rd7+ Kf8 36. Rxb7 Rc8 37. Rb6 Kf7 38. Rd7+ Kg6 39. c4
Rxc4 40. Rdd6 Rb2+ 41. Ka1 Rc1# 0-1

[Event "2.BLS 1617 Schott Mainz - SC Viernheim"]
[Site "?"]
[Date "2017.03.19"]
[Round "7.4"]
[White "Cicak, Slavko"]
[Black "Abergel, Thal"]
[Result "1/2-1/2"]
[WhiteElo "2509"]
[BlackElo "2464"]
[PlyCount "30"]
[EventDate "2017.??.??"]

1. c4 Nf6 2. Nf3 e6 3. b3 d5 4. Bb2 Be7 5. e3 O-O 6. Be2 c5 7. O-O Nc6 8. cxd5
Nxd5 9. a3 Bf6 10. Qc2 Bxb2 11. Qxb2 b6 12. Nc3 Bb7 13. Nxd5 Qxd5 14. b4 Rac8
15. Rfc1 Ne7 1/2-1/2

[Event "2.BLS 1617 Schott Mainz - SC Viernheim"]
[Site "?"]
[Date "2017.03.19"]
[Round "7.5"]
[White "Beikert, Guenther"]
[Black "Balcerak, Jakob"]
[Result "1/2-1/2"]
[WhiteElo "2403"]
[BlackElo "2449"]
[PlyCount "81"]
[EventDate "2017.??.??"]

1. g3 d5 2. Nf3 Bg4 3. Bg2 Nd7 4. O-O c6 5. d3 Ngf6 6. Nbd2 e6 7. h3 Bh5 8. e4
Bc5 9. Qe1 O-O 10. Nb3 Bb6 11. a4 Nc5 12. Nxc5 Bxc5 13. b4 Be7 14. Bb2 a5 15.
bxa5 dxe4 16. dxe4 Qxa5 17. Ne5 Bb4 18. Qe3 Bc5 19. Qb3 Qa7 20. Nd3 Be2 21.
Nxc5 Bxf1 22. Rxf1 Qxc5 23. Ba3 Qa7 24. Bxf8 Kxf8 25. e5 Nd5 26. c4 Ne7 27. Rd1
Ke8 28. Qd3 g6 29. Qd7+ Kf8 30. Qc7 b6 31. Rd8+ Kg7 32. Rd7 Qxc7 33. Rxc7 Kf8
34. Bxc6 Nxc6 35. Rxc6 Rxa4 36. f4 Rb4 37. Kf2 Rb2+ 38. Ke3 Rb3+ 39. Kf2 h5 40.
h4 b5 41. cxb5 1/2-1/2

[Event "2.BLS 1617 Schott Mainz - SC Viernheim"]
[Site "?"]
[Date "2017.03.19"]
[Round "7.6"]
[White "Schenderowitsch, Michael"]
[Black "Libiszewski, Fabien"]
[Result "1/2-1/2"]
[WhiteElo "2343"]
[BlackElo "2545"]
[PlyCount "25"]
[EventDate "2017.??.??"]

1. d4 Nf6 2. c4 g6 3. Nf3 Bg7 4. g3 O-O 5. Bg2 d6 6. Nc3 Nc6 7. d5 Na5 8. b3 c6
9. Bb2 cxd5 10. cxd5 Bd7 11. Nd4 Qb6 12. Qd2 Ng4 13. Nd1 1/2-1/2

[Event "2.BLS 1617 Schott Mainz - SC Viernheim"]
[Site "?"]
[Date "2017.03.19"]
[Round "7.7"]
[White "Meinhardt, Maximilian"]
[Black "Gohil, Harry"]
[Result "1-0"]
[WhiteElo "2378"]
[BlackElo "2293"]
[PlyCount "45"]
[EventDate "2017.??.??"]

1. e4 c5 2. Ne2 Nc6 3. Nbc3 e6 4. d4 cxd4 5. Nxd4 Qc7 6. g3 a6 7. Bg2 Nf6 8.
O-O Nxd4 9. Qxd4 Bc5 10. Bf4 d6 11. Qd3 Nh5 12. Be3 Nf6 13. Rad1 Ke7 14. e5
dxe5 15. Qc4 Bd6 16. Qh4 Kf8 17. Rxd6 Qxd6 18. Rd1 Qe7 19. Ne4 Nd7 20. Bc5 Nxc5
21. Rd8+ Qe8 22. Nd6 Bd7 23. Nxe8 1-0

[Event "2.BLS 1617 SC Eppingen - SC Viernheim"]
[Site "?"]
[Date "2017.04.23"]
[Round "8.1"]
[White "Kovalenko, Igor"]
[Black "Breder, Dennis"]
[Result "1-0"]
[WhiteElo "2659"]
[BlackElo "2470"]
[PlyCount "89"]
[EventDate "2017.??.??"]

1. c4 c6 2. Nf3 d5 3. e3 e6 4. b3 Nf6 5. Bb2 Bd6 6. d4 Ne4 7. Be2 O-O 8. O-O
Nd7 9. Qc1 Qe7 10. Ba3 a5 11. Bd3 f5 12. Bxd6 Qxd6 13. Nc3 b6 14. Na4 Bb7 15.
Nxb6 Nxb6 16. c5 Qd8 17. cxb6 Qxb6 18. Bxe4 fxe4 19. Ne5 Rf5 20. f4 exf3 21.
Rxf3 Rxf3 22. gxf3 a4 23. bxa4 Rxa4 24. a3 Ra5 25. a4 Qc7 26. Qb2 c5 27. Rb1
cxd4 28. exd4 Ra7 29. Qb6 Qxb6 30. Rxb6 h6 31. a5 Kh7 32. Kf2 g5 33. Rxe6 Ba6
34. Rd6 Kg7 35. Rd7+ Rxd7 36. Nxd7 Kf7 37. Kg3 Ke7 38. Nc5 Bb5 39. Kg4 Kf6 40.
Kh5 Kf5 41. Kxh6 Kf4 42. a6 Kxf3 43. a7 Bc6 44. Kxg5 Ke3 45. Ne6 1-0

[Event "2.BLS 1617 SC Eppingen - SC Viernheim"]
[Site "?"]
[Date "2017.04.23"]
[Round "8.2"]
[White "Noe, Christopher"]
[Black "Fedorchuk, Sergey"]
[Result "0-1"]
[WhiteElo "2435"]
[BlackElo "2620"]
[PlyCount "80"]
[EventDate "2017.??.??"]

1. d4 Nf6 2. c4 e6 3. Nf3 Bb4+ 4. Nbd2 a5 5. a3 Be7 6. e4 d5 7. e5 Nfd7 8. Bd3
c5 9. O-O Nc6 10. cxd5 exd5 11. Re1 O-O 12. Bb1 Re8 13. Nf1 Nf8 14. Ne3 cxd4
15. Nf5 Bxf5 16. Bxf5 Qb6 17. h4 Bc5 18. Bd3 h6 19. Re2 Ne6 20. Bb1 Bf8 21. Qc2
g6 22. h5 Nc5 23. Qd1 gxh5 24. Nxd4 Nxe5 25. Bf4 Ng4 26. Bf5 Qf6 27. Bxg4 Qxf4
28. Bf3 Ne4 29. g3 Qf6 30. Kg2 h4 31. gxh4 Bg7 32. Nb5 Re5 33. Qh1 Kh8 34. Rae1
Rf5 35. Qh3 Rg8 36. Bxe4 dxe4 37. Nc3 Rf3 38. Nxe4 Bf8+ 39. Ng3 Bc5 40. Kh1
Bxf2 0-1

[Event "2.BLS 1617 SC Eppingen - SC Viernheim"]
[Site "?"]
[Date "2017.04.23"]
[Round "8.3"]
[White "Maze, Sebastien"]
[Black "Yankelevich, Lev"]
[Result "1-0"]
[WhiteElo "2619"]
[BlackElo "2421"]
[PlyCount "119"]
[EventDate "2017.??.??"]

1. e4 e5 2. Nf3 Nc6 3. Bc4 Nf6 4. d3 Be7 5. c3 O-O 6. Bb3 d5 7. Nbd2 dxe4 8.
dxe4 Nd7 9. O-O Nb6 10. Qe2 Qd6 11. Re1 Be6 12. Nf1 Bxb3 13. axb3 Rad8 14. Ne3
Qd3 15. Qxd3 Rxd3 16. Kf1 Rfd8 17. b4 a6 18. Ke2 R3d7 19. h4 h5 20. Rg1 Nc8 21.
g4 hxg4 22. Rxg4 f6 23. h5 Kf7 24. Nf5 Bf8 25. Be3 Nd6 26. N3h4 Nxf5 27. Nxf5
Ne7 28. Nh4 Ke6 29. Rag1 b6 30. Ra1 Ra8 31. Rgg1 Nc8 32. Ng6 Nd6 33. Rxa6 Rad8
34. f3 Nc4 35. Bc1 Kf7 36. b3 Nd2 37. h6 gxh6 38. Nxf8 Kxf8 39. Ra2 Nxb3 40.
Be3 c5 41. Ra6 Rd6 42. Bxh6+ Ke7 43. Rg7+ Ke6 44. Rb7 b5 45. Rxd6+ Kxd6 46.
bxc5+ Kxc5 47. Be3+ Nd4+ 48. cxd4+ exd4 49. Bd2 Rh8 50. Rc7+ Kd6 51. Bf4+ Ke6
52. Rc6+ Ke7 53. Rb6 Rh5 54. Kf2 Rh4 55. Bd6+ Kd7 56. Bg3 Rh1 57. Rxb5 Ke6 58.
Rd5 Rd1 59. Ke2 Rg1 60. Bf2 1-0

[Event "2.BLS 1617 SC Eppingen - SC Viernheim"]
[Site "?"]
[Date "2017.04.23"]
[Round "8.4"]
[White "Hacker, Jonas"]
[Black "Tarlev, Konstantin"]
[Result "0-1"]
[WhiteElo "2322"]
[BlackElo "2567"]
[PlyCount "128"]
[EventDate "2017.??.??"]

1. e4 c5 2. Nf3 e6 3. d4 cxd4 4. Nxd4 a6 5. Nc3 Qc7 6. Be2 Nf6 7. O-O Be7 8. f4
d6 9. Be3 O-O 10. Qe1 b5 11. a3 Bb7 12. Bf3 Nc6 13. Qg3 Nd7 14. Nxc6 Bxc6 15.
Bd4 e5 16. Be3 exf4 17. Bxf4 Ne5 18. Be2 a5 19. Bd3 b4 20. axb4 axb4 21. Rxa8
Rxa8 22. Nd5 Bxd5 23. Bxe5 dxe5 24. exd5 g6 25. Qf3 Rf8 26. g4 Bg5 27. Qe4 Qc5+
28. Kg2 Bf4 29. Qc4 Qe7 30. h3 h5 31. d6 Qg5 32. Be2 Kg7 33. Rh1 Rh8 34. Qd5
hxg4 35. hxg4 Rxh1 36. Kxh1 Qh4+ 37. Kg2 Qg3+ 38. Kf1 Be3 39. Qg2 Qf4+ 40. Qf3
Qd4 41. d7 Bg5 42. Qd3 Qxb2 43. d8=Q Bxd8 44. Qxd8 Qxc2 45. Qd5 Qc1+ 46. Kg2
Qf4 47. Qf3 Qc1 48. Bd1 Qd2+ 49. Kh3 e4 50. Qxe4 Qxd1 51. Qxb4 Qf3+ 52. Kh4
Qf2+ 53. Kh3 Qe3+ 54. Kg2 f6 55. Qd6 Qe2+ 56. Kh3 Qf3+ 57. Kh2 Qf2+ 58. Kh3 Kh6
59. Qc6 Qe3+ 60. Kg2 Kg5 61. Qd7 Qe4+ 62. Kg3 Qf4+ 63. Kh3 Qf3+ 64. Kh2 Qf2+
0-1

[Event "2.BLS 1617 SC Eppingen - SC Viernheim"]
[Site "?"]
[Date "2017.04.23"]
[Round "8.5"]
[White "Abergel, Thal"]
[Black "Mann, Christian"]
[Result "1/2-1/2"]
[WhiteElo "2456"]
[BlackElo "2415"]
[PlyCount "71"]
[EventDate "2017.??.??"]

1. e4 e6 2. d4 d5 3. Nc3 dxe4 4. Nxe4 Bd7 5. Nf3 Bc6 6. Bd3 Nd7 7. O-O Bxe4 8.
Bxe4 c6 9. c3 Ngf6 10. Bc2 Qc7 11. Qe2 Bd6 12. Re1 O-O 13. Bg5 Bf4 14. Bh4 c5
15. dxc5 Qxc5 16. Rad1 Rfd8 17. Rd4 Qc7 18. Red1 Nf8 19. Bxf6 gxf6 20. Qd3 Rxd4
21. Qxd4 f5 22. Qf6 Bd6 23. g3 Be7 24. Qe5 Qxe5 25. Nxe5 Rd8 26. a4 Rxd1+ 27.
Bxd1 Bd6 28. Nc4 Bc7 29. Bf3 b6 30. Bc6 Ng6 31. f4 e5 32. fxe5 Nxe5 33. Nxe5
Bxe5 34. Kf2 Kg7 35. Kf3 Kf6 36. Bd5 1/2-1/2